书目信息 |
| 题名: |
电力电子技术
|
|
| 作者: | 周渊深 , 宋永英 编著 | |
| 分册: | ||
| 出版信息: | 北京 机械工业出版社 2005 |
|
| 页数: | 230页 | |
| 开本: | 26cm | |
| 丛书名: | ||
| 单 册: | ||
| 中图分类: | TM1 | |
| 科图分类: | ||
| 主题词: | 电力电子学--dian li dian zi xue--高等教育--教材 | |
| 电子资源: | ||
| ISBN: | 7-111-16595-0 | |
| 000 | 00911nam0 2200253 450 | |
| 001 | 012006996078 | |
| 005 | 20060119083657.01 | |
| 010 | @a7-111-16595-0@dCNY22.00 | |
| 100 | @a20060119d2005 km y0chiy0120 ea | |
| 101 | 0 | @achi |
| 102 | @aCN@b110000 | |
| 105 | @aa a 000yy | |
| 200 | 1 | @a电力电子技术@Adian li dian zi ji shu@f周渊深, 宋永英编著@Fzhou yuan shen,song yong ying bian zhu |
| 210 | @a北京@c机械工业出版社@d2005 | |
| 215 | @a230页@c图@d26cm | |
| 320 | @a有书目。 | |
| 330 | @a本书系统介绍了常用的不可控型、半控型和全控型电力电子器件的知识,重点介绍了晶闸管整流、有源逆变和变频、交直流调压等电力电子电路。 | |
| 333 | @a新版21世纪高职高专系列教材(电子技术专业) | |
| 606 | 0 | @a电力电子学@Adian li dian zi xue@x高等教育@j教材 |
| 690 | @aTM1@v4 | |
| 701 | 0 | @a周渊深@Azhou yuan shen@4编著 |
| 701 | 0 | @a宋永英@Asong yong ying@4编著 |
| 801 | 0 | @aCN@bQSSK@c20060119 |
| 905 | @a10447@dTM1@eZ816 | |
| 电力电子技术/周渊深, 宋永英编著.-北京:机械工业出版社,2005 |
| 230页:图;26cm |
| 使用对象:新版21世纪高职高专系列教材(电子技术专业) |
| ISBN 7-111-16595-0:CNY22.00 |
| 本书系统介绍了常用的不可控型、半控型和全控型电力电子器件的知识,重点介绍了晶闸管整流、有源逆变和变频、交直流调压等电力电子电路。 |
| ● |
| 相关链接 |
|
|
|
正题名:电力电子技术
索取号:TM1/Z816
 
预约/预借
| 序号 | 登录号 | 条形码 | 馆藏地/架位号 | 状态 | 备注 |
| 1 | 579492 | 205794924 | 自科二线404/404自科库 16排2列4层/ [索取号:TM1/Z816] | 在馆 | |
| 2 | 579493 | 205794933 | 自科库301/301自科库 7排2列2层/ [索取号:TM1/Z816] | 在馆 | |
| 3 | 579494 | 205794942 | 自科库301/301自科库 7排2列2层/ [索取号:TM1/Z816] | 在馆 |